000 02220nam1a2200385 i 4500
001 RU\NLR\bibl\981259
005 20260408191100.0
010 _a5-295-03701-0
035 _a(NLR Aleph) 000969153
090 _a388130
_c388130
100 _a20060906g20059999u y0rusy50 ca
101 0 _arus
102 _aRU
105 _a||||z |||||
200 1 _aА.А. Валидов - организатор автономии Башкортостана. У истоков федерализма в России (1917-1920)
_eсборник документов и материалов
_fУпр. по делам арх. при Правительстве Респ. Башкортостан, Центр. гос. ист. арх. Респ. Башкортостан, Центр этнол. исслед. УНЦ РАН
_g[редкол.: С.Ф. Касимов (отв. ред.) и др.
_gсост.: Н.М. Хисматуллина (отв. сост.) и др.]
210 _aУфа
_cКитап
_d2005
215 _d22
300 _a115-летию со дня рождения А.А. Валидова посвящается
463 0 _1001973927
463 0 _10011777694
532 1 0 _aАхметзаки Ахметшахович Валидов
_zrus
600 1 _aВалидов
_bА.
_gАхмет-Заки
_f1890 - 1970
_jДокументы и материалы
_3RU\NLR\auth\661262634
_92086493
607 _aБашкирия
_jДокументы и материалы
_xАвтономия
_xИстория
_z1917 - 1925
_92081196
_3RU\NLR\auth\661257163
686 _aТ3(2Р-6Б)71
686 _aТ3(2)71-36
702 1 _aВалидов
_bА. А.
_f1890-1970
_gАхметзаки Ахметшахович
_4570
702 1 _aКасимов
_bС. Ф.
_gСалават Фитратович
_4340
702 1 _aХисматуллина
_bН. М.
_gНурдида Мидхатовна
_4220
712 0 2 _4570
_aЦентральный государственный исторический архив Республики Башкортостан
_cУфа
_3RU\NLR\AUTH\8810015329
_9528517
801 0 _aRU
_bNLR
_c20060906
_grcr
801 1 _aRU
_bNLR
_c20060906
852 _aNLR
_j2006-5/5608
942 _cBOOK
980 _aNBR